| 000 | 00413nam a2200157 a 4500 | ||
|---|---|---|---|
| 005 | 20140310183322.0 | ||
| 008 | 060307s19uu xx 00 eng d | ||
| 020 | _a044661064 | ||
| 050 |
_aPS 3563 _b.M528 2001 |
||
| 100 | _aMeltzer, Brad | ||
| 245 |
_aThe first counsel / _cBrad Meltzer. |
||
| 260 |
_aNew York : _bWarner Books Inc, _c2001. |
||
| 300 |
_a509 p. : _c17 cm. |
||
| 942 |
_cBK _2lcc |
||
| 999 |
_c21415 _d21415 |
||